[Event "Olomouc Chess Summer 2023 - D2"]
[Site "Olomouc (CZE), Hotel Flora"]
[Date "2023.08.12"]
[Round "1"]
[Board "7"]
[White "Mlynek, Petr"]
[Black "Mezihorak, Rostislav"]
[Result "1-0"]
[WhiteElo "1973"]
[BlackElo "1701"]
[PlyCount "0"]
[EventDate "2023.08.12"]
[EventRounds "9"]
[EventCountry "CZE"]

1. d4 Nf6 2. c4 e6 3. g3 c5 4. d5 exd5 5. cxd5 d6 6. Nc3 a6 7. a4 g6 8. Bg2 Bg7 9.
Nf3 O-O 10. O-O Re8 11. Bf4 Nh5 12. Bg5 Nf6 13. Qd2 Qc7 14. Bh6 Ne4 15. Nxe4 Rxe4
16. Bxg7 Kxg7 17. Ng5 Re7 18. b4 b6 19. a5 Nd7 20. Qc3+ Kg8 21. Ne4 f5 22. axb6 Qb8
23. Nf6+ Nxf6 24. Qxf6 Rf7 25. Qc3 cxb4 26. Qxb4 Rb7 27. Rfb1 Bd7 28. Qa5 Qd8 29.
e3 Rab8 30. Bf1 Rxb6 31. Rxb6 Qxb6 32. Qxb6 Rxb6 33. Rxa6 Rxa6 34. Bxa6 Kg7 35. f4
Kf6 36. Kf2 Ba4 37. Bc4 Bc2 38. Ke2 Be4 39. Kd2 g5 40. Kc3 h5 41. h4 gxh4 42. gxh4
Bf3 43. Kd4 Ke7 44. Bd3 Bg4 45. Kc4 Kd7 46. Kb5 Kc7 47. Ka6 Bh3 48. Ka7 Bg4 49. e4
Bf3 50. exf5 Bxd5 51. f6 Bf7 52. Ka6 Kc6 53. Bb5+ Kc5 54. Bd7 Kd4 55. Kb6 Ke4 56.
Kc6 d5 57. Kd6 d4 58. Ke7 Bb3 59. f5 d3 60. Be6 Bxe6 61. fxe6 d2 62. f7 d1=Q 63.
f8=Q Qa4 64. Qd8 Qa7+ 65. Qd7 Qa3+ 66. Ke8 Qa8+ 67. Kf7 Qa2 68. Kg6 Qg2+ 69. Kh7
Qf2 70. Qg7 Kd5 71. e7  1-0

[Event "Olomouc Chess Summer 2023 - D2"]
[Site "Olomouc (CZE), Hotel Flora"]
[Date "2023.08.12"]
[Round "1"]
[Board "8"]
[White "Sysala, Stanislav"]
[Black "Heppell, Ian N"]
[Result "0-1"]
[WhiteElo "1690"]
[BlackElo "1946"]
[PlyCount "0"]
[EventDate "2023.08.12"]
[EventRounds "9"]
[EventCountry "CZE"]

1. Nf3 d6 2. d4 f5 3. c4 Nf6 4. Nc3 g6 5. g3 Bg7 6. Bg2 O-O 7. O-O Qe8 8. Re1 e5
9. dxe5 dxe5 10. e4 Nc6 11. Be3 fxe4 12. Ng5 Bg4 13. Qa4 Nd4 14. Qxe8 Rfxe8 15. Bxd4
exd4 16. Nb5 d3 17. Nxc7 d2 18. Red1 Rad8 19. Nxe8 Nxe8 20. Bxe4 Bxb2 21. f3 Bxa1
22. Bd5+ Rxd5 23. cxd5 Bf6 24. Rxd2 Bxg5 25. Re2 Bd7 26. f4 Bf6 27. g4 Kf7  0-1

[Event "Olomouc Chess Summer 2023 - D2"]
[Site "Olomouc (CZE), Hotel Flora"]
[Date "2023.08.12"]
[Round "1"]
[Board "9"]
[White "Pesek, Petr"]
[Black "Horyna, Josef"]
[Result "1/2-1/2"]
[WhiteElo "1927"]
[BlackElo "1689"]
[PlyCount "0"]
[EventDate "2023.08.12"]
[EventRounds "9"]
[EventCountry "CZE"]

1. e4 e6 2. d4 d5 3. exd5 exd5 4. Nf3 Bg4 5. Be2 Bd6 6. Nc3 c6 7. Bg5 f6 8. Bh4 Nd7
9. Qd2 Nh6 10. O-O-O O-O 11. Bg3 Qc7 12. Bxd6 Qxd6 13. h3 Bxf3 14. Bxf3 a5 15. g4
b5 16. Rde1 Rfe8 17. Rxe8+ Rxe8 18. Re1 Re7 19. Rxe7 Qxe7 20. Qe2 Qxe2 21. Nxe2 g5
22. Ng3 Kf7 23. Kd2 Ke6 24. b3 Nb6 25. Kd3 f5 26. gxf5+ Kf6 27. Bg4 b4 28. Ke3 a4
29. Nh5+ Kf7 30. f4 gxf4+ 31. Kxf4 axb3 32. axb3 Nc8 33. Be2 Ng8 34. Bd3 Nf6 35.
Ng3 h6 36. Ba6 Nd6 37. Bd3 Ke7 38. Be2 Nde4 39. Nf1 Kd6 40. Ne3 c5 41. dxc5+ Nxc5
42. Ng4 Nxg4 43. hxg4 Ne4 44. Bd3 Ng5 45. Ba6 Nf7 46. Bc8 Ng5 47. f6 Kc7 48. Bf5
Kd6 49. Bc8 Kc7 50. Bf5 Kd6 51. Bg6 Ke6 52. f7 Nxf7 53. Bxf7+ Kxf7 54. Ke5 Kg6 55.
Kxd5 Kg5  1/2-1/2

[Event "Olomouc Chess Summer 2023 - D2"]
[Site "Olomouc (CZE), Hotel Flora"]
[Date "2023.08.12"]
[Round "1"]
[Board "10"]
[White "Pavlicek, Petr"]
[Black "Novotny, Jaroslav"]
[Result "1/2-1/2"]
[WhiteElo "1688"]
[BlackElo "1919"]
[PlyCount "0"]
[EventDate "2023.08.12"]
[EventRounds "9"]
[EventCountry "CZE"]

1. c4 Nf6 2. d4 e6 3. Nf3 d5 4. g3 c6 5. Bg2 Bd6 6. Qc2 O-O 7. O-O Ne4 8. Nc3 f5
9. Ne5 Nd7 10. f3 Nxc3 11. Qxc3 Nxe5 12. dxe5 Bc5+ 13. Kh1 Qb6 14. f4 Bd7 15. Rb1
Qb4 16. Qxb4 Bxb4 17. a3 Be7 18. cxd5 cxd5 19. Be3 Bb5 20. Bf3 b6 21. Rfc1 Rac8 22.
Rxc8 Rxc8 23. Rc1 Rxc1+ 24. Bxc1 a5 25. Be3 Bc5 26. Bxc5 bxc5 27. Kg1 Kf7 28. Kf2
Ke7 29. e3 Kd7 30. Ke1 Kc6 31. Kd2 a4 32. Kc3 Kb6 33. Bd1 Ka5 34. Bf3 Bf1 35. Bd1
g6 36. Bf3 h6 37. h4 h5 38. Bd1 Bc4 39. Bf3 Bf1  1/2-1/2

[Event "Olomouc Chess Summer 2023 - D2"]
[Site "Olomouc (CZE), Hotel Flora"]
[Date "2023.08.12"]
[Round "1"]
[Board "11"]
[White "Green, Per"]
[Black "Vit, Zdenek"]
[Result "1-0"]
[WhiteElo "1919"]
[BlackElo "1654"]
[PlyCount "0"]
[EventDate "2023.08.12"]
[EventRounds "9"]
[EventCountry "CZE"]

1. c4 e5 2. Nc3 Nf6 3. Nf3 Nc6 4. g3 d5 5. cxd5 Nxd5 6. Bg2 Be6 7. O-O Be7 8. d4
exd4 9. Nxd4 Nxd4 10. Bxd5 c6 11. Qxd4 Bf6 12. Bxc6+ bxc6 13. Qxd8+ Rxd8 14. Be3
a6 15. Rac1 O-O 16. b3 Bh3 17. Rfe1 Rfe8 18. Na4 Rd6 19. Nc5 Bb2 20. Rcd1 Rg6 21.
Bd4 Bxd4 22. Rxd4 Ra8 23. Red1 h5 24. Rd8+ Rxd8 25. Rxd8+ Kh7 26. f3 Rg5 27. Ne4
Re5 28. Kf2 Ra5 29. b4 Rb5 30. a3  1-0

[Event "Olomouc Chess Summer 2023 - D2"]
[Site "Olomouc (CZE), Hotel Flora"]
[Date "2023.08.12"]
[Round "1"]
[Board "12"]
[White "Kostal, Zdislav"]
[Black "Marek, Jiri"]
[Result "0-1"]
[WhiteElo "1651"]
[BlackElo "1890"]
[PlyCount "0"]
[EventDate "2023.08.12"]
[EventRounds "9"]
[EventCountry "CZE"]

1. d4 d5 2. c4 e6 3. Nf3 Be7 4. Nc3 Nf6 5. Bf4 O-O 6. e3 c6 7. Bd3 dxc4 8. Bxc4 Nd5
9. Bg3 Nd7 10. O-O N7f6 11. Ne2 Ne4 12. a3 Nxg3 13. Nxg3 Nb6 14. Bb3 g6 15. Rc1 Bf6
16. e4 Qe7 17. Qe2 e5 18. dxe5 Bg7 19. Qe3 Bg4 20. Rc2 Bxf3 21. gxf3 Qxe5 22. f4
Qd4 23. Qxd4 Bxd4 24. Re2 Rad8 25. Kg2 Kg7 26. Rd1 Nc8 27. Red2 Bb6 28. e5 Rxd2 29.
Rxd2 Rd8 30. Rxd8 Bxd8 31. Ne4 Bb6 32. Bc2 Bd4 33. b3 b5 34. Kf3 a5 35. a4 h6 36.
h3 Kf8 37. Nf6 Nb6 38. Be4 bxa4 39. bxa4 Nxa4 40. Bxc6 Nc3 41. Ne4 Nxe4 42. Bxe4
a4 43. Bd5 Ke7 44. Ke2 a3 45. f3 f6 46. Kd3 fxe5 47. fxe5 Bxe5 48. Ke4 Kf6 49. Ke3
Kg5 50. Kf2 Kf4 51. Kg2 Bd4 52. Ba2 Ke3 53. Kg3 Be5+ 54. Kg4 Bf4  0-1

[Event "Olomouc Chess Summer 2023 - D2"]
[Site "Olomouc (CZE), Hotel Flora"]
[Date "2023.08.12"]
[Round "1"]
[Board "13"]
[White "Bartos, Alois"]
[Black "Strakos, Jiri"]
[Result "1/2-1/2"]
[WhiteElo "1884"]
[BlackElo "1648"]
[PlyCount "0"]
[EventDate "2023.08.12"]
[EventRounds "9"]
[EventCountry "CZE"]

1. e4 d6 2. d4 Nf6 3. Nc3 e5 4. Nf3 exd4 5. Nxd4 Be7 6. Be2 O-O 7. O-O c5 8. Nb3
Nc6 9. f4 a5 10. Be3 a4 11. Nd2 d5 12. exd5 Nxd5 13. Nxd5 Qxd5 14. Bf3 Qd8 15. c3
Qc7 16. Qe1 Bf5 17. Qf2 b6 18. Rfe1 Rad8 19. Be2 Bd3 20. Bf3 f5 21. Bd1 Ra8 22. Bf3
Rad8 23. Rac1 Bf6 24. Bd1 Ra8 25. Bf3 Rad8 26. b3 axb3 27. axb3 Rb8 28. g3 Rfd8 29.
Kg2 Ne7 30. b4 c4 31. h3 Nd5 32. Bxd5+ Rxd5 33. Kh2 g6 34. Nf3 Be4 35. Bd4 Bxd4 36.
Nxd4 Kf7 37. Ra1 Rdd8 38. Nb5 Qd7 39. Ra7 Rb7 40. Rxb7 Bxb7 41. Nd4 Ra8 42. Qe2 Qd5
43. g4 fxg4 44. hxg4 Qd7 45. Kg3 Re8 46. Qxe8+ Qxe8 47. Rxe8 Kxe8 48. Kh4 Kf7 49.
g5 Be4 50. Kg3 Ke7 51. Kf2 Kd6 52. Ke3 Bd3 53. Nf3 Ke6 54. Ne5 Kf5 55. Nd7 b5 56.
Nf8 Be4 57. Nxh7 Bc6 58. Nf6 Ke6 59. Ne4 Kf5 60. Nd2 Bb7 61. Nf3 Kg4 62. Nd4 Ba6
63. Ke4 Bb7+ 64. Ke5 Ba6 65. Ne6 Bc8 66. Nf8 Bf5 67. Nh7 Kf3 68. Nf6 Ke3 69. Nd5+
Kd3 70. Ne7 Be4 71. f5 gxf5 72. Nxf5 Bf3 73. g6 Bh5 74. g7 Bf7 75. Kf6 Bd5 76. Nh6
Kxc3 77. Nf7 Kb2 78. g8=Q c3 79. Qg1 c2 80. Ne5 Bc4 81. Qd4+ Kb1 82. Nxc4 c1=Q 83.
Nd2+ Ka2 84. Qd5+ Kb2 85. Ne4 Qh6+ 86. Ke5 Qg7+ 87. Kd6 Qf8+ 88. Kc6 Qxb4 89. Nc5
Qc4 90. Qe5+ Qc3 91. Qe2+ Qc2 92. Qxb5+ Kc1 93. Qf1+ Kb2 94. Qb5+ Kc1 95. Kb6 Qg6+
96. Ka5 Kd2 97. Nb3+ Ke3 98. Ka4 Qe4+ 99. Ka3 Qa8+ 100. Kb2 Qg2+ 101. Kb1 Qg1+ 102.
Nc1 Qg6+ 103. Ka2 Qg2+ 104. Ka3 Qa8+ 105. Kb3 Qg8+ 106. Kb2 Qg7+ 107. Kb1 Qg6+ 108.
Ka2 Qg2+ 109. Ka1 Qg7+ 110. Ka2 Qa7+ 111. Kb3 Qf7+ 112. Ka2 Qg6 113. Ka3 Qc2  1/2-1/2

[Event "Olomouc Chess Summer 2023 - D2"]
[Site "Olomouc (CZE), Hotel Flora"]
[Date "2023.08.12"]
[Round "1"]
[Board "14"]
[White "Filipik, Jaroslav"]
[Black "Sveda, Jiri"]
[Result "1-0"]
[WhiteElo "1647"]
[BlackElo "1880"]
[PlyCount "0"]
[EventDate "2023.08.12"]
[EventRounds "9"]
[EventCountry "CZE"]

1. d4 e6 2. c4 f5 3. Nf3 Nf6 4. g3 Be7 5. Bg2 O-O 6. O-O Ne4 7. Qc2 Bf6 8. Nbd2 Nxd2
9. Bxd2 d6 10. Rfe1 Nc6 11. Bc3 Kh8 12. e4 fxe4 13. Qxe4 d5 14. Qe2 Bd7 15. Ne5 Bxe5
16. dxe5 Ne7 17. cxd5 Rb8 18. Rad1 Qe8 19. d6 cxd6 20. exd6 Nf5 21. Qe5 Qf7 22. f4
Rbe8 23. Bxb7 Qg6 24. Be4 h5 25. Bxf5 Rxf5 26. Qe3 h4 27. Rf1 Rh5 28. Rd2 Kg8 29.
Rg2 Bc6 30. Rd2 Bd7 31. Qd3 Qg4 32. Qe2 Qg6 33. Qg2 h3 34. Qf3 Rc5 35. Qd3 Qg4 36.
Qf3 Qg6 37. Qd3 Qg4 38. Qe2 Qg6 39. Qe3 Rec8 40. Qd3 Qg4 41. Qf3 Qg6 42. Qb7 Bb5
43. d7 Rd8 44. Re1 Qf7 45. Qxa7 Rd5 46. Rxd5 exd5 47. Re8+ Rxe8 48. dxe8=Q+  1-0

[Event "Olomouc Chess Summer 2023 - D2"]
[Site "Olomouc (CZE), Hotel Flora"]
[Date "2023.08.12"]
[Round "1"]
[Board "15"]
[White "Musil, Vitezslav"]
[Black "Privoznik, Lubos"]
[Result "1-0"]
[WhiteElo "1871"]
[BlackElo "1631"]
[PlyCount "0"]
[EventDate "2023.08.12"]
[EventRounds "9"]
[EventCountry "CZE"]

1. e4 e6 2. d4 d5 3. Nc3 dxe4 4. Nxe4 Nd7 5. Nf3 Ngf6 6. Nxf6+ Nxf6 7. g3 c5 8. Bg2
cxd4 9. Qxd4 Qxd4 10. Nxd4 e5 11. Nb5 Bb4+ 12. c3 Ba5 13. Nd6+ Ke7 14. Nxc8+ Raxc8
15. Bxb7 Rxc3 16. bxc3 Bxc3+ 17. Ke2  1-0

[Event "Olomouc Chess Summer 2023 - D2"]
[Site "Olomouc (CZE), Hotel Flora"]
[Date "2023.08.12"]
[Round "1"]
[Board "16"]
[White "Reichmann, Pavel"]
[Black "Dvorak, Vladimir"]
[Result "1/2-1/2"]
[WhiteElo "1630"]
[BlackElo "1864"]
[PlyCount "0"]
[EventDate "2023.08.12"]
[EventRounds "9"]
[EventCountry "CZE"]

1. e4 e6 2. b3 d5 3. Bb2 Nf6 4. exd5 Nxd5 5. Nf3 Nd7 6. Nc3 N5f6 7. Be2 Be7 8. O-O
O-O 9. d4 b6 10. Ne5 Bb7 11. Bf3 Nd5 12. Nxd5 exd5 13. Nxd7 Qxd7 14. c4 Bf6 15. cxd5
Bxd5 16. Rc1 c6 17. Bxd5 Qxd5 18. Qc2 Rac8 19. Rfd1 Rfe8 20. Qc4 Qxc4 21. Rxc4 Re2
22. Rb1 c5 23. Kf1 Rce8 24. a4 Rd2 25. Bc3 Rc2 26. Re1 Kf8 27. Rxe8+ Kxe8 28. Ke1
cxd4 29. Bd2 Rxc4 30. bxc4 Kd7 31. Ke2 Kc6 32. Kd3 Kc5 33. f4 Bh4 34. g3 Bd8 35.
Be1 f5 36. h3 h5 37. h4 Bf6 38. Bd2  1/2-1/2

[Event "Olomouc Chess Summer 2023 - D2"]
[Site "Olomouc (CZE), Hotel Flora"]
[Date "2023.08.13"]
[Round "2"]
[Board "2"]
[White "Sejkora, Vlastimil"]
[Black "Kulhavy, Frantisek"]
[Result "1/2-1/2"]
[WhiteElo "2139"]
[BlackElo "1801"]
[PlyCount "0"]
[EventDate "2023.08.12"]
[EventRounds "9"]
[EventCountry "CZE"]

1. e4 c5 2. Nf3 e6 3. d4 cxd4 4. Nxd4 Nf6 5. Bd3 a6 6. O-O Qc7 7. Qe2 d6 8. c3 Nbd7
9. f4 Be7 10. Nd2 O-O 11. N2f3 b5 12. e5 Ng4 13. Qe4 f5 14. Qxa8 Bb7 15. Qxf8+ Nxf8
16. exd6 Bxd6 17. h3 Nf6 18. g3 Ne4 19. Kh2 Nxc3  1/2-1/2

[Event "Olomouc Chess Summer 2023 - D2"]
[Site "Olomouc (CZE), Hotel Flora"]
[Date "2023.08.13"]
[Round "2"]
[Board "3"]
[White "Modrova, Hana"]
[Black "Kubicek, Antonin"]
[Result "0-1"]
[WhiteElo "1781"]
[BlackElo "2068"]
[PlyCount "0"]
[EventDate "2023.08.12"]
[EventRounds "9"]
[EventCountry "CZE"]

1. d4 Nf6 2. Nf3 g6 3. Bg5 Bg7 4. Qc1 h6 5. Bh4 d5 6. c3 Bf5 7. Nbd2 Nbd7 8. h3 g5
9. Bg3 O-O 10. Ne5 Nh5 11. Bh2 Nxe5 12. dxe5 Bh7 13. e3 Bh8 14. g4 Ng7 15. Be2 f5
16. exf6 exf6 17. Nf3 c5 18. Qd2 Be4 19. Bg3 f5 20. Be5 Qe7 21. Bxg7 Bxg7 22. Rg1
fxg4 23. Nxg5 hxg5 24. Rxg4 Rad8 25. O-O-O Rxf2 26. Qe1 Rdf8 27. Rd2 Rh2 28. Qg3
Rg2 29. Qe1 Rxg4 30. Bxg4 Bg6 31. Rxd5 Qe4  0-1

[Event "Olomouc Chess Summer 2023 - D2"]
[Site "Olomouc (CZE), Hotel Flora"]
[Date "2023.08.13"]
[Round "2"]
[Board "4"]
[White "Lorenc, Oldrich"]
[Black "Kolek, Josef"]
[Result "0-1"]
[WhiteElo "2043"]
[BlackElo "1752"]
[PlyCount "0"]
[EventDate "2023.08.12"]
[EventRounds "9"]
[EventCountry "CZE"]

1. c4 d6 2. Nc3 g6 3. g3 Bg7 4. Bg2 Nf6 5. d4 Nc6 6. Nf3 O-O 7. O-O a6 8. Re1 Bd7
9. Rb1 Rb8 10. b4 e5 11. d5 Ne7 12. a4 Ne8 13. e4 h6 14. b5 f5 15. Ba3 axb5 16. cxb5
b6 17. Rb4 f4 18. gxf4 Rxf4 19. Bc1 Rf8 20. h3 g5 21. Nh2 Ng6 22. Qd3 Nf6 23. Ne2
Nh5 24. Ng4 Nhf4 25. Bxf4 Nxf4 26. Nxf4 Rxf4 27. f3 h5 28. Nf2 g4 29. hxg4 hxg4 30.
Nxg4 Bxg4 31. fxg4 Rxg4 32. Qh3 Qg5 33. Rf1 Bh6 34. Rb3 Re8 35. Rbf3 Re7 36. Rf5
Qe3+ 37. Qxe3 Bxe3+ 38. Kh2 Rh7+ 39. Bh3 Bf4+ 40. R1xf4 Rxf4 41. Rxf4 exf4 42. Kg2
Kg7 43. Bf5 Rh4 44. Kf3 Kf6 45. Bd7 Ke5 46. Be6 Rh5  0-1

[Event "Olomouc Chess Summer 2023 - D2"]
[Site "Olomouc (CZE), Hotel Flora"]
[Date "2023.08.13"]
[Round "2"]
[Board "5"]
[White "Chubar, Vladimir"]
[Black "Groh, Jiri"]
[Result "0-1"]
[WhiteElo "1781"]
[BlackElo "2004"]
[PlyCount "0"]
[EventDate "2023.08.12"]
[EventRounds "9"]
[EventCountry "CZE"]

1. Nf3 c5 2. b3 Nf6 3. Bb2 e6 4. c4 Be7 5. Nc3 d5 6. e3 O-O 7. d4 cxd4 8. exd4 Nc6
9. Be2 Ne4 10. O-O Bf6 11. c5 b6 12. Bb5 Bb7 13. cxb6 Qxb6 14. Bxc6 Bxc6 15. Nxe4
dxe4 16. Ne5 Rfd8 17. Qc2 Bb7 18. Rfd1 Rac8 19. Nc4 Qa6 20. Qd2 h6 21. Qb4 Bd5 22.
Ne3 Rd7 23. Rd2 Be7 24. Qa4 Qxa4 25. bxa4 Rb7 26. g3 Rb6 27. Kg2 Ra6 28. Rc1 Rxc1
29. Bxc1 Rxa4 30. Nxd5 exd5 31. Rc2 Bf6 32. Be3 Bxd4 33. Bxd4 Rxd4 34. Rc8+ Kh7 35.
Rc7 Ra4 36. Rxf7 Rxa2 37. Rd7 Ra5 38. Kf1 Kg6 39. Ke2 Kf6 40. h4 g6 41. Ke3 Ra3+
42. Ke2 Ke6 43. Rg7 Kf5 44. Rd7 Ke5 45. Rg7 Ra2+ 46. Kf1 Ra6 47. Ke2 d4 48. Re7+
Kf5 49. Rf7+ Ke6 50. Rg7 Ra2+ 51. Ke1 Kf6 52. Rd7 d3 53. g4 Ke5 54. h5 gxh5 55. gxh5
Kf4 56. Rf7+ Kg5 57. f4+ Kxh5 58. Re7 Kg4 59. Rxe4 Re2+ 60. Rxe2 dxe2  0-1

[Event "Olomouc Chess Summer 2023 - D2"]
[Site "Olomouc (CZE), Hotel Flora"]
[Date "2023.08.13"]
[Round "2"]
[Board "6"]
[White "Kudrlicka, Ladislav"]
[Black "Mikulka, Jan"]
[Result "1-0"]
[WhiteElo "1993"]
[BlackElo "1747"]
[PlyCount "0"]
[EventDate "2023.08.12"]
[EventRounds "9"]
[EventCountry "CZE"]

1. d4 Nf6 2. Nf3 d5 3. c4 e6 4. cxd5 exd5 5. Nc3 c6 6. Qc2 Bd6 7. Bg5 Be7 8. e3 O-O
9. Bd3 Nbd7 10. O-O h6 11. Bh4 b6 12. Rac1 Bb7 13. Rfd1 Rc8 14. Bf5 Re8 15. a3 Nh5
16. Bxe7 Qxe7 17. Ne5 Nxe5 18. dxe5 Rcd8 19. g4 Qg5 20. f4 Nxf4 21. exf4 Qxf4 22.
Rf1 Qxe5 23. Bh7+ Kf8 24. Bg6 Re7 25. Qf2 Rdd7 26. Bf5 Rc7 27. Rce1 Qd6 28. Rd1 Qf6
29. Qd2 Qg5 30. Qxg5 hxg5 31. Kf2 Re5 32. Rfe1 Rce7 33. Rxe5 Rxe5 34. Re1 Rxe1 35.
Kxe1 Ke7 36. Kf2 Kd6 37. Ke3 Ke5 38. Ne2 c5 39. Kd2 g6 40. Bd7 Kd6 41. Be8 Ke7 42.
Ba4 f5 43. Bc2 Kf6 44. Bd3 Ke5 45. Ke3 Bc6 46. Ng1 d4+ 47. Kf2 Kf4 48. h3 Be4 49.
Ne2+ Ke5 50. Bb5 f4 51. Nc1 Kd5 52. b3 Ke5 53. Nd3+ Kd6 54. Ne1 Bc6 55. Bd3 b5 56.
Nf3 Bxf3 57. Kxf3 a6 58. Ke4 Ke6 59. a4 bxa4 60. bxa4 a5 61. Bc4+ Kf6 62. Bb3 Ke7
63. Bg8 Kf6 64. Bc4 Ke7 65. Ke5 f3 66. Bd3 f2 67. Bc4  1-0

[Event "Olomouc Chess Summer 2023 - D2"]
[Site "Olomouc (CZE), Hotel Flora"]
[Date "2023.08.13"]
[Round "2"]
[Board "7"]
[White "Titera, Libor"]
[Black "Mlynek, Petr"]
[Result "1-0"]
[WhiteElo "1760"]
[BlackElo "1973"]
[PlyCount "0"]
[EventDate "2023.08.12"]
[EventRounds "9"]
[EventCountry "CZE"]

1. e4 c6 2. d4 d5 3. Nc3 dxe4 4. Nxe4 Nf6 5. Nxf6+ exf6 6. Be3 Bd6 7. Bd3 O-O 8.
Ne2 Re8 9. Qd2 Be6 10. O-O Nd7 11. c4 Nf8 12. Rad1 Qc7 13. Bf4 Rad8 14. Bxd6 Qxd6
15. b3 g5 16. Ng3 Ng6 17. Bb1 Qf4 18. Nh5 Qh4 19. Nxf6+ Kg7 20. Nxe8+ Rxe8 21. Bxg6
hxg6 22. d5 cxd5 23. cxd5 Bd7 24. Qd4+ Qxd4 25. Rxd4 Re2 26. Ra1 Kf6 27. f4 g4 28.
a4 Bf5 29. Kf1 Rb2 30. b4 a6 31. Re1 Bd7 32. d6 Bxa4 33. d7 Bxd7 34. Rxd7 Rxb4 35.
g3 a5 36. Ree7 Rb1+ 37. Ke2 Rb2+ 38. Kd3 Rxh2 39. Rxf7+ Ke6 40. Rde7+ Kd6 41. Rxb7
Rg2 42. Kc4 Rc2+ 43. Kb5 Kd5 44. Rfe7 Rb2+ 45. Kxa5 Ra2+ 46. Kb4 Rb2+ 47. Kc3 Rxb7
48. Rxb7 Ke4 49. Kc4  1-0

[Event "Olomouc Chess Summer 2023 - D2"]
[Site "Olomouc (CZE), Hotel Flora"]
[Date "2023.08.13"]
[Round "2"]
[Board "8"]
[White "Heppell, Ian N"]
[Black "Filipik, Jaroslav"]
[Result "1-0"]
[WhiteElo "1946"]
[BlackElo "1647"]
[PlyCount "0"]
[EventDate "2023.08.12"]
[EventRounds "9"]
[EventCountry "CZE"]

1. e4 d5 2. exd5 Nf6 3. c4 c6 4. Nc3 cxd5 5. cxd5 Nxd5 6. Bc4 Nxc3 7. Qf3 e6 8. dxc3
Qc7 9. Qe2 Nc6 10. Nf3 Be7 11. O-O O-O 12. Re1 Bf6 13. Bg5 Qe7 14. Bxf6 Qxf6 15.
Rad1 Rd8 16. Rxd8+ Qxd8 17. Rd1 Qf6 18. Qe4 g6 19. h4 e5 20. Ng5 Bf5 21. Qf3 e4 22.
Qf4 Qe5 23. Bxf7+ Kg7 24. Qxe5+ Nxe5 25. Be6 h6 26. Bxf5 gxf5 27. Ne6+ Kf6 28. Nf4
Nf7 29. Kf1 Rd8 30. Rxd8 Nxd8 31. Ke2 Nc6 32. b3 Ne5 33. a4 Ke7 34. f3 exf3+ 35.
gxf3 Kd6 36. Ke3 a5 37. Nd3 Kd5 38. Nxe5 Kxe5 39. f4+ Kd5 40. h5 Kc5 41. Kd3 Kd5
42. b4 b6 43. bxa5 bxa5 44. c4+  1-0

[Event "Olomouc Chess Summer 2023 - D2"]
[Site "Olomouc (CZE), Hotel Flora"]
[Date "2023.08.13"]
[Round "2"]
[Board "9"]
[White "Marek, Jiri"]
[Black "Telarik, Mojmir"]
[Result "1-0"]
[WhiteElo "1890"]
[BlackElo "1520"]
[PlyCount "0"]
[EventDate "2023.08.12"]
[EventRounds "9"]
[EventCountry "CZE"]

1. e4 e6 2. d4 d5 3. Nc3 Nf6 4. Bg5 Be7 5. Bd3 a6 6. e5 Nfd7 7. Bxe7 Qxe7 8. Qg4
g6 9. O-O-O c5 10. Nf3 c4 11. Be2 Nc6 12. h4 h5 13. Qf4 b5 14. Ng5 f6 15. exf6 Nxf6
16. Qg3 Rf8 17. Rhe1 Nh7 18. Nxd5 exd5 19. Bxh5 Nxg5 20. Rxe7+ Nxe7 21. Re1 Ne4 22.
Bxg6+ Kd8 23. Bxe4 dxe4 24. Qd6+ Bd7 25. Rxe4 Rf7 26. h5  1-0

[Event "Olomouc Chess Summer 2023 - D2"]
[Site "Olomouc (CZE), Hotel Flora"]
[Date "2023.08.13"]
[Round "2"]
[Board "10"]
[White "Kubala, Karel"]
[Black "Musil, Vitezslav"]
[Result "1-0"]
[WhiteElo "1747"]
[BlackElo "1871"]
[PlyCount "0"]
[EventDate "2023.08.12"]
[EventRounds "9"]
[EventCountry "CZE"]

1. d4 Nf6 2. Nf3 g6 3. c4 Bg7 4. Nc3 O-O 5. Bg5 d6 6. e3 c6 7. Be2 a6 8. O-O b5 9.
cxb5 cxb5 10. a3 Bb7 11. Rc1 Nbd7 12. d5 Rc8 13. Bxf6 Nxf6 14. Qd3 Rxc3 15. Rxc3
Nxd5 16. Rc2 Nf6 17. Nd2 Qa8 18. Bf3 d5 19. Nb3 e5 20. Qd2 Rd8 21. Na5 Bc8 22. Nc6
Re8 23. Rfc1 Bf5 24. Rc3 e4 25. Be2 Be6 26. R3c2 Bf8 27. Qd4 Nd7 28. a4 Bg7 29. Qb4
Bf8 30. Qa5 bxa4 31. Bxa6 Bd6 32. Qb5 Rf8 33. Nd4 Qb8 34. Qxb8 Nxb8 35. Nxe6 fxe6
36. Bb5 a3 37. bxa3 Bxa3 38. Ra1 Bd6 39. Ra7 Rf7 40. Rc8+ Kg7 41. Rxf7+ Kxf7 42.
Rd8 Be5 43. h3 Ke7 44. Re8+ Kf7 45. Rc8 Ke7 46. f4 exf3 47. gxf3 Nd7 48. f4 Bd6 49.
Bxd7 Kxd7 50. Rh8 d4 51. Rxh7+ Kc6 52. Kf2 d3 53. Rh6 g5 54. fxg5 Bg3+ 55. Kf3 Kd5
56. g6 e5 57. g7 e4+ 58. Kxg3  1-0

[Event "Olomouc Chess Summer 2023 - D2"]
[Site "Olomouc (CZE), Hotel Flora"]
[Date "2023.08.13"]
[Round "2"]
[Board "11"]
[White "Spanton, Tim R"]
[Black "Stola, Stanislav"]
[Result "1-0"]
[WhiteElo "1858"]
[BlackElo "1477"]
[PlyCount "0"]
[EventDate "2023.08.12"]
[EventRounds "9"]
[EventCountry "CZE"]

1. Nc3 d5 2. e4 d4 3. Nce2 e5 4. Ng3 g6 5. Bc4 Qf6 6. d3 Be6 7. Bb3 Nd7 8. Nf3 Bh6
9. Bxh6 Nxh6 10. Qd2 Qf4 11. Qxf4 exf4 12. Ne2 Bxb3 13. axb3 c5 14. Nxf4 O-O 15.
Nd5 a6 16. O-O Rfe8 17. Nc7  1-0

[Event "Olomouc Chess Summer 2023 - D2"]
[Site "Olomouc (CZE), Hotel Flora"]
[Date "2023.08.13"]
[Round "2"]
[Board "12"]
[White "Zitek, Jiri"]
[Black "Mayer, Josef"]
[Result "1/2-1/2"]
[WhiteElo "1623"]
[BlackElo "1846"]
[PlyCount "0"]
[EventDate "2023.08.12"]
[EventRounds "9"]
[EventCountry "CZE"]

1. e4 g6 2. Nf3 Bg7 3. d3 c5 4. c3 Nc6 5. Be2 d6 6. h3 Nf6 7. Nbd2 O-O 8. Nf1 Rb8
9. g4 e5 10. Ng3 d5 11. g5 Ne8 12. Nh2 f5 13. exd5 Qxd5 14. Bf3 Qd6 15. h4 Be6 16.
h5 Rd8 17. Be3 e4 18. dxe4 Qxd1+ 19. Rxd1 f4 20. Bxc5 fxg3 21. Bxf8 gxf2+ 22. Kxf2
Bxf8 23. hxg6 Bc5+ 24. Kg2 hxg6 25. Bg4 Bxg4 26. Nxg4 Be7 27. Rd5 Rxd5 28. exd5 Nd8
29. Re1 Kf8 30. Ne5 Bxg5 31. Nxg6+ Kf7 32. Ne5+ Kf8 33. Nd7+ Kf7  1/2-1/2

[Event "Olomouc Chess Summer 2023 - D2"]
[Site "Olomouc (CZE), Hotel Flora"]
[Date "2023.08.13"]
[Round "2"]
[Board "13"]
[White "Lepik, Jaroslav"]
[Black "Rychtecky, Pavel"]
[Result "1-0"]
[WhiteElo "1830"]
[BlackElo "1430"]
[PlyCount "0"]
[EventDate "2023.08.12"]
[EventRounds "9"]
[EventCountry "CZE"]

1. d4 Nf6 2. Nf3 e6 3. Bg5 Be7 4. e3 O-O 5. Bd3 d6 6. O-O Nbd7 7. c4 b6 8. Nc3 Bb7
9. Rc1 h6 10. Bh4 Rc8 11. Bb1 Re8 12. Re1 Nf8 13. b4 c5 14. dxc5 bxc5 15. b5 Qc7
16. Bxf6 Bxf6 17. Ne4 Be7 18. Nc3 Red8 19. e4 Ng6 20. Qe2 Nf4 21. Qe3 e5 22. Nd5
Bxd5 23. exd5 Qd7 24. Qe4 g6 25. Nd2 Qg4 26. Qf3 Qxf3 27. Nxf3 f5 28. h4 Kf7 29.
g3 e4 30. Nd2 Nh5 31. a4 Rd7 32. Nb3 Bd8 33. Kg2 a6 34. f3 exf3+ 35. Kxf3 axb5 36.
axb5 Ra8 37. Re3 Re7 38. Rce1 Rxe3+ 39. Rxe3 Nf6 40. Nd2 Bc7 41. Rb3 Bb6 42. Nf1
Ng4 43. Kf4 Kf6 44. Nd2 Ra4 45. Bd3 g5+ 46. hxg5+ hxg5+ 47. Kf3 Ne5+ 48. Ke3 g4 49.
Be2 Ra2 50. Nb1 Ra7 51. Ra3 Ng6 52. Rxa7 Bxa7 53. Nc3 Ke5 54. Na4 Nf8 55. b6 Bb8
56. Bd1 Nd7 57. Bc2 Nf6 58. Nb2 Nd7 59. Nd3+ Kf6 60. b7 Nb6 61. Bb3 Kg5 62. Nf4 Kf6
63. Ne6 Nd7 64. Ba4 Nb6 65. Bb5 Ke5 66. Nd8  1-0

[Event "Olomouc Chess Summer 2023 - D2"]
[Site "Olomouc (CZE), Hotel Flora"]
[Date "2023.08.13"]
[Round "2"]
[Board "14"]
[White "Volfova, Milena"]
[Black "Briza, Jiri"]
[Result "0-1"]
[WhiteElo "1462"]
[BlackElo "1830"]
[PlyCount "0"]
[EventDate "2023.08.12"]
[EventRounds "9"]
[EventCountry "CZE"]

1. e4 e5 2. Nf3 Nc6 3. Bc4 Bc5 4. d3 d6 5. h3 Nf6 6. Nc3 Be6 7. Bb5 a6 8. Bxc6+ bxc6
9. O-O h6 10. Bd2 Qd7 11. Kh2 Ke7 12. Be3 Bxe3 13. fxe3 g5 14. Ng1 Rag8 15. Nce2
h5 16. Ng3 Ng4+ 17. hxg4 hxg4+ 18. Nh3 gxh3 19. Nf5+ Bxf5 20. Rxf5 hxg2+ 21. Kxg2
g4 22. Qe2 Qe6 23. Raf1 Qh6 24. Rg1 g3 25. Kf1 Qh4 26. Qf3 f6 27. d4 exd4 28. exd4
g2+ 29. Rxg2 Qh1+ 30. Kf2 Rxg2+  0-1